000 00319nam a2200121Ia 4500
008 220204s9999 xx 000 0 und d
082 _a661.185
_bCUT.2;1
245 0 _aDetergency: Theory and test methods.Pt 2
260 _aNew York
_bMarcel Dekker
_c1975
700 _aCutler, W G
700 _aDavis, R C
942 _cBK
999 _c32056
_d32056